WWE Champions by Year - 2011 - Statistics

General Stats
  • This quiz has been taken 453 times
  • The average score is 35 of 42
Answer Stats
Title Date Event Wrestler % Correct
WWE Championship May 1 Extreme Rules John Cena
99%
WWE Championship July 25 Raw John Cena
99%
WWE Championship September 18 Night of Champions John Cena
99%
Tag Team February 21 Raw John Cena
99%
WWE Championship July 17 Money in the Bank CM Punk
97%
WWE Championship August 14 SummerSlam CM Punk
97%
WWE Championship November 20 Survivor Series CM Punk
97%
World Heavyweight May 6 Smackdown Randy Orton
96%
World Heavyweight August 14 SummerSlam Randy Orton
96%
WWE Championship August 14 SummerSlam Alberto Del Rio
95%
WWE Championship October 2 Hell in a Cell Alberto Del Rio
95%
Tag Team February 21 Raw The Miz
95%
World Heavyweight December 18 TLC Daniel Bryan
93%
World Heavyweight February 18 Smackdown Edge
92%
WWE Championship July 25 Raw Rey Mysterio
92%
World Heavyweight December 18 TLC The Big Show
92%
Tag Team April 22 Smackdown The Big Show
92%
World Heavyweight May 1 Extreme Rules Christian
90%
World Heavyweight July 17 Money in the Bank Christian
90%
World Heavyweight September 18 Night of Champions Mark Henry
89%
Tag Team April 22 Smackdown Kane
88%
World Heavyweight February 18 Smackdown Dolph Ziggler
87%
United States June 19 Capitol Punishment Dolph Ziggler
87%
Intercontinental January 7 Smackdown Kofi Kingston
85%
United States May 1 Extreme Rules Kofi Kingston
85%
Tag Team August 22 Raw Kofi Kingston
85%
Intercontinental March 25 Smackdown Wade Barrett
75%
Tag Team February 20 Elimination Chamber Heath Slater
74%
Tag Team February 21 Raw Heath Slater
74%
United States March 14 Raw Sheamus
74%
Intercontinental August 12 Smackdown Cody Rhodes
73%
Tag Team February 20 Elimination Chamber Justin Gabriel
72%
Tag Team February 21 Raw Justin Gabriel
72%
Diva's October 2 Hell in a Cell Beth Phoenix
68%
Diva's April 11 Raw Brie Bella
68%
Tag Team May 23 Raw David Otunga
67%
Tag Team August 22 Raw Evan Bourne
67%
Diva's January 30 Royal Rumble Eve Torres
58%
Intercontinental June 19 Capitol Punishment Ezekiel Jackson
56%
Diva's June 20 Raw Kelly Kelly
56%
United States December 18 TLC Zack Ryder
55%
Tag Team May 23 Raw Michael McGillicutty
40%
No matching quizzes found
Score Distribution
Percent of People with Each Score
Percentile by Number Answered
Your Score History
You have not taken this quiz